Library Banner

Mohadd-e-seen undlus = محدثین اندلس / (Record no. 93862)

MARC details
000 -LEADER
fixed length control field 00502nam a22001577a 4500
005 - DATE AND TIME OF LATEST TRANSACTION
control field 20170522101726.0
008 - FIXED-LENGTH DATA ELEMENTS--GENERAL INFORMATION
fixed length control field 170522b xxu||||| |||| 00| 0 eng d
020 ## - INTERNATIONAL STANDARD BOOK NUMBER
International Standard Book Number 9789699368196
040 ## - CATALOGING SOURCE
Transcribing agency PK-LaUMT
082 ## - DEWEY DECIMAL CLASSIFICATION NUMBER
Classification number UMT 297.124092
Item number JAM-M
100 ## - MAIN ENTRY--PERSONAL NAME
Personal name Jamila Shaukat = جمیلہ شوکت
245 ## - TITLE STATEMENT
Title Mohadd-e-seen undlus = محدثین اندلس /
Statement of responsibility, etc Jamila Shaukat = جمیلہ شوکت
260 ## - PUBLICATION, DISTRIBUTION, ETC. (IMPRINT)
Place of publication, distribution, etc Lahore :
Name of publisher, distributor, etc University of Management and Technology,
Date of publication, distribution, etc 2017
300 ## - PHYSICAL DESCRIPTION
Extent 532 p.
942 ## - ADDED ENTRY ELEMENTS (KOHA)
Koha item type Books
Holdings
Withdrawn status Lost status Damaged status Home library Current library Date acquired Full call number Barcode Date last seen Price effective from Koha item type
      UMT Main Campus UMT Main Campus 2017-05-22 UMT 297.124092 JAM-M 109278 2017-05-22 2017-05-22 Books